| 000 | 00364 a2200169 4500 | ||
|---|---|---|---|
| 001 | 191648 | ||
| 020 | _a | ||
| 040 | _cMagnum | ||
| 100 | _aCoelho, Ronaldo Simões | ||
| 240 | 1 | 0 |
_aLer é brincar _lpor |
| 245 | 1 | 0 | _aLer é brincar |
| 300 | _a79 | ||
| 362 | 0 | _a2015 | |
| 440 | 1 | _aY. M. Moreira Galvão | |
| 697 | _aLITERATURA INFANTO-JUVENIL | ||
| 942 | _cBK | ||
| 999 |
_c191648 _d191648 |
||